Championnats et Coupes Européens de Football - Statistiques

Statistiques générales
  • Ce quiz a été pris 180 fois
  • Le résultat moyen est 17 sur 28
Statistiques - réponses
Europe % Correct
Ligue 1
95%
Bundesliga
92%
LaLiga
91%
Premier League
90%
Serie A
90%
UEFA Champions League
82%
Coupe de France
81%
UEFA Europa League
80%
UEFA Conference League
75%
Ligue 2
74%
Copa del Rey
73%
Serie B
68%
EFL Championship
65%
EFL Cup
62%
2. Bundesliga
61%
FA Cup
61%
Trophée des Champions
61%
Coppa Italia
55%
LaLiga2
54%
Supercopa
50%
UEFA Super Cup
47%
EFL League One
42%
Community Shield
41%
EFL League Two
41%
Supercoppa Italiana
28%
DFB-Pokal
27%
3. Liga
18%
DFL-Supercup
5%
Aucun quiz correspondant
Distribution des résultats
% des personnes avec chaque résultat
Percentile par nombre de réponses
Votre historique - résultats
Vous n’avez pas pris ce quiz